Statistics for One Piece characters by pictures

Click here to take the quiz!

General Stats

  • This quiz has been taken 249 times
  • The average score is 21 of 24

Answer Stats

Answer% Correct
Monkey D. Luffy
98%
Edward Newgate
97%
Nami
97%
Portgas D. Ace
96%
Tony Tony Chopper
96%
Boa Hancock
94%
Usopp
94%
Roronoa Zoro
93%
Franky
92%
Sabo
92%
Shanks
92%
Sir Crocodile
92%
Trafalgar D. Water Law
92%
Vinsmoke Sanji
92%
Donquixote Doflamingo
91%
Brook
90%
Jinbei
90%
Marshall D. Teach
90%
Nico Robin
90%
Kaido
86%
Charlotte Linlin
85%
Donquixote Rosinante
71%
Vinsmoke Reiju
64%
Cavendish
62%

Score Distribution

Percentile by Number Answered

Percent of People with Each Score

Your Score History

You have not taken this quiz